Porovnanie niektorých hierarchických metód zhlukovej analýzy

Guardado en:
Detalles Bibliográficos
Autor principal: Trajcsík, Silvester (Autor)
Otros Autores: Nánásiová, Oľga (Orientador)
Formato: Manuscrito Libro
Lenguaje:eslovaco
Publicado: 2018
Materias:
Acceso en línea:http://is.stuba.sk/zp/portal_zp.pl?podrobnosti=116149
Etiquetas: Agregar Etiqueta
Sin Etiquetas, Sea el primero en etiquetar este registro!

MARC

LEADER 00000ntm a22000003a 4500
001 stuzp62450
003 SK-STU
005 20181121131839.8
007 ta
008 150427s2015----xo-----f-mn---000-0-slo-d
040 |a STU  |b slo 
041 0 |a slo 
044 |a xo 
100 1 |a Trajcsík, Silvester  |u 035000  |4 aut  |U FEI Fakulta elektrotechniky a informatiky  |T FEI Ústav informatiky a matematiky  |X 74817  |U E050  |Y 816  |7 74817 
242 0 1 |a A comparison of some hierarchical methods for cluster analysis  |y eng 
245 1 0 |a Porovnanie niektorých hierarchických metód zhlukovej analýzy 
260 |c 2018 
300 |a 33 s., príl.,  |b CD-ROM 
650 4 |a cophenetic correlation coefficient  |2 eng 
650 4 |a hierarchical methods  |2 eng 
650 4 |a Cluster analysis  |2 eng 
650 4 |a kofenetický korelačný  |2 slo 
650 4 |a hierarchické metódy  |2 slo 
650 4 |a zhluková analýza  |2 slo 
700 1 |a Nánásiová, Oľga  |u 035000  |k Z1  |4 ths  |U FEI Fakulta elektrotechniky a informatiky  |T FEI Ústav informatiky a matematiky  |X 733  |U E050  |Y 816  |7 A000000733 
856 4 |u http://is.stuba.sk/zp/portal_zp.pl?podrobnosti=116149 
996 |b 284ER02713  |c E*Bc- 2713  |l EE35  |s P  |a 0  |w stuzp62450_0001